000
00286cam a22001097a 4500
008
180718b1950 xxu||||| |||| 00| 0 eng d
082
_a
B71103x5452 M267
100
_a
Madras. Legal Department
245
_a
Madras Act No. X of 1950
260
_a
Madras
_b
The author
_c
1950
300
_a
80p.
999
_c
488581
_d
488581